[Event "ENCI Limburg-open B"]
[Site "Maastricht"]
[Date "2012.05.27"]
[Round "4"]
[White "Freer, Glenn"]
[Black "Turrini, Paolo"]
[Result "1-0"]
[WhiteElo "1913"]
[BlackElo "1793"]
[PlyCount "80"]
[EventDate "2012.05.25"]
[EventType "swiss"]
[EventRounds "7"]
[EventCountry "NED"]
[Source "P.Boonen"]
[SourceDate "2013.01.01"]

1. e4 g6 2. d4 Bg7 3. Be3 d6 4. Qd2 Nd7 5. f4 Ngf6 6. e5 Ng4 7. Nf3 Nxe3 8.
Qxe3 e6 9. c3 b6 10. Nbd2 Bb7 11. Bd3 Qe7 12. O-O h5 13. Ne4 Bxe4 14. Qxe4 d5
15. Qe2 c5 16. Bb5 Bh6 17. Ng5 Rc8 18. h4 Rc7 19. a3 c4 20. g3 O-O 21. g4 hxg4
22. Qxg4 Bxg5 23. fxg5 Nxe5 24. Qg2 Nd3 25. Rf6 Kg7 26. Raf1 Rh8 27. Qg3 Nxb2
28. Qe5 Kg8 29. Rxf7 Qxf7 30. Rxf7 Rxf7 31. Qxe6 Rxh4 32. Be8 Rhf4 33. Qxg6+
Rg7 34. Qe6+ Kh8 35. g6 Nd3 36. Qc8 Rf8 37. Kh2 Nf4 38. Qc6 Rfg8 39. Bf7 Rf8
40. Qd6 Nxg6 1-0

[Event "ENCI Limburg-open B"]
[Site "Maastricht"]
[Date "2012.05.27"]
[Round "4"]
[White "Freer, Robert"]
[Black "Dorr, Yannick"]
[Result "0-1"]
[WhiteElo "1830"]
[BlackElo "1902"]
[PlyCount "88"]
[EventDate "2012.05.25"]
[EventType "swiss"]
[EventRounds "7"]
[EventCountry "NED"]
[Source "P.Boonen"]
[SourceDate "2013.01.01"]

1. e4 e5 2. Nf3 Nc6 3. Bb5 a6 4. Bxc6 dxc6 5. O-O Bg4 6. h3 Bh5 7. d3 Bc5 8.
Qe2 Qd6 9. Be3 h6 10. Nbd2 f6 11. Nc4 Qf8 12. Bxc5 Qxc5 13. b4 Qf8 14. Qe3 b5
15. Na5 Qxb4 16. Nxc6 Qc3 17. Na7 Bxf3 18. gxf3 Ne7 19. Rab1 Qd4 20. Qxd4 exd4
21. Nxb5 axb5 22. Rxb5 O-O 23. Ra1 Ra4 24. Rb7 Rc8 25. Kf1 Nc6 26. Ke1 Nd8 27.
Rb3 Ne6 28. h4 Nf4 29. Kd2 Ng6 30. h5 Nf4 31. Rb5 Rca8 32. Rf5 Ne6 33. Rg1 Kh7
34. Rd5 Rxa2 35. Rd7 c5 36. f4 R8a7 37. Rd5 R2a5 38. Rg4 c4 39. dxc4 Ra3 40. f5
Ng5 41. Ke2 Rc3 42. Rxd4 Rxc2+ 43. Kd3 Rxf2 44. Rd5 Nf3 0-1

[Event "ENCI Limburg-open B"]
[Site "Maastricht"]
[Date "2012.05.27"]
[Round "4"]
[White "Geboers, Jimmy"]
[Black "Goes, Dirk"]
[Result "1-0"]
[WhiteElo "1954"]
[BlackElo "1954"]
[PlyCount "69"]
[EventDate "2012.05.25"]
[EventType "swiss"]
[EventRounds "7"]
[EventCountry "NED"]
[Source "P.Boonen"]
[SourceDate "2013.01.01"]

1. d4 e6 2. c4 Bb4+ 3. Nc3 b6 4. Nf3 Bb7 5. e3 f5 6. g3 Nf6 7. Bg2 O-O 8. O-O
Ne4 9. Qb3 Bxc3 10. bxc3 d6 11. c5 Qe7 12. cxd6 cxd6 13. Nd2 Nxd2 14. Bxd2 Bxg2
15. Kxg2 Nc6 16. c4 Nd8 17. a4 Nf7 18. f3 Rfd8 19. a5 Rab8 20. Rfb1 Qc7 21.
axb6 axb6 22. Ra4 h6 23. Rb4 Rdc8 24. Kf2 Qc6 25. d5 Qd7 26. Ra1 e5 27. Ra6 Qc7
28. Raxb6 Rxb6 29. Rxb6 e4 30. Rc6 Qd7 31. Rxc8+ Qxc8 32. f4 Qe8 33. Qb5 Qa8
34. Ke2 Kh7 35. Qd7 1-0

[Event "ENCI Limburg-open B"]
[Site "Maastricht"]
[Date "2012.05.27"]
[Round "4"]
[White "Geene, Joris"]
[Black "Heijenrath, Jan"]
[Result "1/2-1/2"]
[WhiteElo "1612"]
[BlackElo "1759"]
[PlyCount "58"]
[EventDate "2012.05.25"]
[EventType "swiss"]
[EventRounds "7"]
[EventCountry "NED"]
[Source "P.Boonen"]
[SourceDate "2013.01.01"]

1. e4 d5 2. Nc3 d4 3. Nce2 e5 4. d3 c5 5. f4 Nc6 6. Nf3 Bd6 7. f5 Nf6 8. Ng3
Qa5+ 9. Bd2 Qb6 10. Rb1 Qc7 11. h4 h5 12. Be2 g6 13. fxg6 fxg6 14. O-O Ng4 15.
Ng5 Rf8 16. Rxf8+ Bxf8 17. Qf1 Qg7 18. Qf3 Be7 19. Rf1 Bxg5 20. Bxg5 Be6 21.
Nh1 Kd7 22. Nf2 Rf8 23. Qg3 Nxf2 24. Rxf2 Rxf2 25. Qxf2 Qf7 26. Qxf7+ Bxf7 27.
a3 Be6 28. Kf2 Kd6 29. Ke1 b5 1/2-1/2

[Event "ENCI Limburg-open B"]
[Site "Maastricht"]
[Date "2012.05.27"]
[Round "4"]
[White "Johnen, Franz"]
[Black "Kronseder, Michael"]
[Result "0-1"]
[WhiteElo "1845"]
[BlackElo "1754"]
[PlyCount "98"]
[EventDate "2012.05.25"]
[EventType "swiss"]
[EventRounds "7"]
[EventCountry "NED"]
[Source "P.Boonen"]
[SourceDate "2013.01.01"]

1. d4 Nf6 2. c4 c5 3. e3 cxd4 4. exd4 g6 5. Nf3 Bg7 6. Nc3 d5 7. Be3 Nc6 8.
cxd5 Nxd5 9. Bc4 Nxe3 10. fxe3 O-O 11. O-O a6 12. a3 b5 13. Bd5 Qb6 14. Rc1 Bb7
15. Ng5 e6 16. Ba2 h6 17. Nge4 Rad8 18. Nf6+ Bxf6 19. Rxf6 Ne5 20. Qe2 Nd7 21.
Rf2 b4 22. axb4 Qxb4 23. Qg4 Qe7 24. Rcf1 Qg5 25. Qh3 Nb6 26. Rf4 h5 27. Ne4
Bxe4 28. Rxe4 Nd5 29. Re5 Qe7 30. Qf3 Qd7 31. Qg3 Kh7 32. Bb1 Kh6 33. Qg5+ Kg7
34. e4 f6 35. Rxd5 exd5 36. Qg3 dxe4 37. Rd1 f5 38. Qe5+ Kh6 39. Qf4+ g5 40.
Qe3 Qd6 41. h4 Qf4 42. hxg5+ Qxg5 43. Qa3 Qf6 44. Qe3+ Kh7 45. Qh3 Qg5 46. Qc3
Rg8 47. Rd2 Rc8 48. Qb3 Rc1+ 49. Kh2 Qf4+ 0-1

[Event "ENCI Limburg-open B"]
[Site "Maastricht"]
[Date "2012.05.27"]
[Round "4"]
[White "Karstens, Lex"]
[Black "Kremer, Nadine"]
[Result "1-0"]
[WhiteElo "1854"]
[BlackElo "1690"]
[PlyCount "77"]
[EventDate "2012.05.25"]
[EventType "swiss"]
[EventRounds "7"]
[EventCountry "NED"]
[Source "P.Boonen"]
[SourceDate "2013.01.01"]

1. d4 Nf6 2. Bg5 c5 3. d5 Qb6 4. Nc3 Qxb2 5. Bd2 Qb6 6. e4 e5 7. f4 d6 8. Rb1
Qd8 9. Bb5+ Nbd7 10. fxe5 dxe5 11. Nf3 Bd6 12. Bg5 Rb8 13. O-O a6 14. Bxd7+
Bxd7 15. Nh4 Qa5 16. Bxf6 Qxc3 17. Rb3 Qd4+ 18. Qxd4 cxd4 19. Bxg7 Rg8 20. Bf6
Bb5 21. Rf5 Rg4 22. Bxe5 Rxe4 23. Bxd6 Rc8 24. Re5+ Rxe5 25. Bxe5 Rxc2 26. Bxd4
Rxa2 27. Nf3 h6 28. Bf6 Kd7 29. Be5 f6 30. Bf4 b6 31. Nd4 Ra4 32. Ne6 Bc4 33.
Rxb6 Bxd5 34. Rd6+ Ke7 35. Rxd5 Kxe6 36. Rd6+ Ke7 37. Bg3 Ra3 38. Rd4 a5 39.
Bd6+ 1-0

[Event "ENCI Limburg-open B"]
[Site "Maastricht"]
[Date "2012.05.27"]
[Round "4"]
[White "Klein, Gernot"]
[Black "Mischke, Daniel"]
[Result "1-0"]
[WhiteElo "1971"]
[BlackElo "1718"]
[PlyCount "41"]
[EventDate "2012.05.25"]
[EventType "swiss"]
[EventRounds "7"]
[EventCountry "NED"]
[Source "P.Boonen"]
[SourceDate "2013.01.01"]

1. e4 g6 2. d4 Bg7 3. Nc3 d6 4. Bg5 a6 5. a4 b6 6. Nf3 Bb7 7. Bd3 Nd7 8. O-O h6
9. Be3 e6 10. Qd2 Ne7 11. Rfe1 g5 12. d5 e5 13. g3 Nc5 14. Bf1 f5 15. exf5 Nxf5
16. b4 Nxe3 17. Qxe3 Nd7 18. Nd4 Nf6 19. Ne6 Qe7 20. Qd3 Qd7 21. Qg6+ 1-0

[Event "ENCI Limburg-open B"]
[Site "Maastricht"]
[Date "2012.05.27"]
[Round "4"]
[White "Kocur, Marc"]
[Black "Keetman, Maaike"]
[Result "1-0"]
[WhiteElo "1871"]
[BlackElo "1788"]
[PlyCount "91"]
[EventDate "2012.05.25"]
[EventType "swiss"]
[EventRounds "7"]
[EventCountry "NED"]
[Source "P.Boonen"]
[SourceDate "2013.01.01"]

1. c4 c6 2. Nf3 Nf6 3. g3 d5 4. b3 Bf5 5. Bg2 h6 6. Bb2 e6 7. d3 Nbd7 8. Qc2
Be7 9. O-O O-O 10. Nbd2 Rc8 11. a3 b5 12. e4 dxe4 13. dxe4 Bh7 14. Rfe1 Nc5 15.
Ne5 Qc7 16. Rad1 Rfd8 17. b4 Ncd7 18. Nxd7 Nxd7 19. c5 Bf6 20. Bxf6 Nxf6 21.
Nb3 Rd7 22. Rxd7 Nxd7 23. f4 e5 24. Qd2 Rd8 25. Rd1 exf4 26. gxf4 Bg6 27. Na5
Bh5 28. Qd6 Rc8 29. Qxc7 Rxc7 30. Rd6 f6 31. Rxc6 Rxc6 32. Nxc6 a6 33. Bh3 Be8
34. Be6+ Kf8 35. Bd5 g5 36. fxg5 hxg5 37. Na5 Ke7 38. Nc6+ Kf8 39. Kf2 Bg6 40.
Ke3 Be8 41. Kd4 Bg6 42. Be6 Ke8 43. Kd5 Bh7 44. Kd6 Nf8 45. Bf5 Bg8 46. Nb8 1-0

[Event "ENCI Limburg-open B"]
[Site "Maastricht"]
[Date "2012.05.27"]
[Round "4"]
[White "Koelmans, Jan Willem"]
[Black "Braam, Marco"]
[Result "1-0"]
[WhiteElo "2027"]
[BlackElo "1707"]
[PlyCount "119"]
[EventDate "2012.05.25"]
[EventType "swiss"]
[EventRounds "7"]
[EventCountry "NED"]
[Source "P.Boonen"]
[SourceDate "2013.01.01"]

1. d4 d5 2. c4 e6 3. Nc3 c6 4. Nf3 Bd6 5. Bg5 f6 6. Bh4 Ne7 7. e3 Ng6 8. Bg3
Bxg3 9. hxg3 Qb6 10. Qc2 Kf7 11. Bd3 Qd8 12. O-O-O dxc4 13. Bxc4 b5 14. Bb3 a5
15. d5 Qe7 16. dxc6 Nxc6 17. Nxb5 Ba6 18. Nd6+ Kf8 19. Qxg6 Qc7 20. Kb1 Rd8 21.
Ng5 hxg6 22. Nxe6+ Ke7 23. Nxc7 Bd3+ 24. Kc1 Rxh1 25. Rxh1 Kxd6 26. Ne6 Rc8 27.
Kd2 Bb5 28. Nd4 Nxd4 29. exd4 g5 30. a4 Bc6 31. Re1 Rb8 32. Kc3 Bxg2 33. Re6+
Kd7 34. Ra6 Rc8+ 35. Kd2 Rb8 36. Kc3 Rc8+ 37. Bc4 Rxc4+ 38. Kxc4 Bf1+ 39. Kc5
Bxa6 40. Kb6 Bd3 41. Kxa5 f5 42. Kb6 f4 43. a5 Kd6 44. a6 Be4 45. b4 Kd5 46. b5
Kxd4 47. Kc7 f3 48. b6 Kd3 49. b7 Ke2 50. b8=Q Kxf2 51. Qb2+ Ke3 52. Qc1+ Ke2
53. Qc4+ Ke3 54. Qc5+ Ke2 55. Qe5 Kd3 56. Qb5+ Ke3 57. Qxg5+ Kf2 58. Qf4 Ba8
59. Kb8 Bc6 60. Qd2+ 1-0

[Event "ENCI Limburg-open B"]
[Site "Maastricht"]
[Date "2012.05.27"]
[Round "4"]
[White "Kuryliw, Ray"]
[Black "Pijlman, Rene"]
[Result "0-1"]
[WhiteElo "1897"]
[BlackElo "1990"]
[PlyCount "48"]
[EventDate "2012.05.25"]
[EventType "swiss"]
[EventRounds "7"]
[EventCountry "NED"]
[Source "P.Boonen"]
[SourceDate "2013.01.01"]

1. e4 c5 2. Nc3 e6 3. g3 d5 4. d3 dxe4 5. dxe4 Qxd1+ 6. Nxd1 b6 7. Bg2 Bb7 8.
Ne3 Be7 9. Ne2 Nf6 10. f3 O-O 11. O-O Nc6 12. Bd2 Ba6 13. Rfe1 Nd4 14. Nf4 Rfd8
15. e5 Nd7 16. c3 Nc6 17. Ng4 Ndxe5 18. Nxe5 Nxe5 19. Be3 Bb7 20. Kf2 g5 21.
Nh3 Nd3+ 22. Ke2 Nxe1 23. Rxe1 h6 24. Nf2 Ba6+ 0-1

[Event "ENCI Limburg-open B"]
[Site "Maastricht"]
[Date "2012.05.27"]
[Round "4"]
[White "Lecomte, Robin"]
[Black "Van der Scheur, Dirk"]
[Result "1/2-1/2"]
[WhiteElo "1798"]
[BlackElo "1951"]
[PlyCount "96"]
[EventDate "2012.05.25"]
[EventType "swiss"]
[EventRounds "7"]
[EventCountry "NED"]
[Source "P.Boonen"]
[SourceDate "2013.01.01"]

1. e4 c5 2. Nc3 a6 3. Bc4 e6 4. d3 Nc6 5. f4 Nge7 6. Nf3 d5 7. Bb3 Na5 8. Qe2
Nxb3 9. axb3 d4 10. Nb1 Nc6 11. O-O Be7 12. Na3 O-O 13. g4 f5 14. g5 Bd6 15.
Nc4 Qc7 16. Nxd6 Qxd6 17. Nd2 b5 18. e5 Qd7 19. Rf3 Bb7 20. Rh3 g6 21. Rg3 Ne7
22. h4 Qc6 23. Qh2 Kg7 24. Nf3 Rh8 25. Bd2 Rad8 26. Kf2 c4 27. Ke2 Qc5 28. Rh1
Bxf3+ 29. Rxf3 cxb3 30. cxb3 h5 31. gxh6+ Rxh6 32. Rg3 Rh5 33. Rg5 Rdh8 34.
Rxh5 Rxh5 35. Rg1 Qc8 36. Rg3 Qd8 37. Qh1 Qd5 38. Qh2 Qd8 39. Qh1 Qd5 40. Qh2
Qxb3 41. Rg5 Rh6 42. h5 Qd5 43. Qh4 Qd7 44. Bb4 Nd5 45. Rxg6+ Rxg6 46. hxg6
Kxg6 47. Qg5+ Kh7 48. Qh5+ Kg7 1/2-1/2

[Event "ENCI Limburg-open B"]
[Site "Maastricht"]
[Date "2012.05.27"]
[Round "4"]
[White "Lemmen, Raoul"]
[Black "Cromsigt, Jeroen"]
[Result "1-0"]
[WhiteElo "1907"]
[BlackElo "1934"]
[PlyCount "39"]
[EventDate "2012.05.25"]
[EventType "swiss"]
[EventRounds "7"]
[EventCountry "NED"]
[Source "P.Boonen"]
[SourceDate "2013.01.01"]

1. d4 Nf6 2. Nf3 c5 3. d5 b5 4. e3 Bb7 5. c4 d6 6. Nc3 bxc4 7. Bxc4 g6 8. h4
Bg7 9. e4 O-O 10. Be3 Nbd7 11. Qd2 Ng4 12. Bf4 Nge5 13. Be2 Nxf3+ 14. gxf3 h5
15. Bh6 Kh7 16. Bxg7 Kxg7 17. f4 f5 18. Rg1 Kh7 19. exf5 Rxf5 20. Bd3 1-0

[Event "ENCI Limburg-open B"]
[Site "Maastricht"]
[Date "2012.05.27"]
[Round "4"]
[White "Lentjes, Noud"]
[Black "Hogerhorst, Tony"]
[Result "1-0"]
[WhiteElo "1940"]
[BlackElo "1950"]
[PlyCount "61"]
[EventDate "2012.05.25"]
[EventType "swiss"]
[EventRounds "7"]
[EventCountry "NED"]
[Source "P.Boonen"]
[SourceDate "2013.01.01"]

1. e4 c5 2. Nf3 Nc6 3. d4 cxd4 4. Nxd4 Nf6 5. Nc3 d6 6. Bc4 g6 7. Nxc6 bxc6 8.
e5 Nd7 9. e6 fxe6 10. Bxe6 Nf6 11. Bxc8 Qxc8 12. O-O Bg7 13. Re1 Qd7 14. Bg5
O-O 15. Qd2 Rf7 16. Re2 Rb8 17. Rb1 Ng4 18. Rbe1 Nf6 19. b3 Re8 20. Re6 Kf8 21.
h3 Qc7 22. Bf4 Qa5 23. Bxd6 Nd5 24. b4 Bxc3 25. Qh6+ Bg7 26. Qxg7+ Rxg7 27.
bxa5 Rf7 28. Bc5 Rf6 29. c4 Rxe6 30. Rxe6 Nf4 31. Rf6+ 1-0

[Event "ENCI Limburg-open B"]
[Site "Maastricht"]
[Date "2012.05.27"]
[Round "4"]
[White "Marinc, Damir"]
[Black "Cebula, Jerzy"]
[Result "1-0"]
[WhiteElo "2012"]
[BlackElo "1993"]
[PlyCount "81"]
[EventDate "2012.05.25"]
[EventType "swiss"]
[EventRounds "7"]
[EventCountry "NED"]
[Source "P.Boonen"]
[SourceDate "2013.01.01"]

1. e4 e5 2. d4 exd4 3. Qxd4 Nc6 4. Qe3 Nf6 5. Nc3 Bb4 6. Bd2 O-O 7. O-O-O Re8
8. Qg3 Rxe4 9. f4 Re8 10. a3 Ba5 11. Nf3 d6 12. Bd3 Ne7 13. Qg5 c6 14. Kb1 h6
15. Qh4 Bf5 16. g4 Ng6 17. Qg3 Bxg4 18. Rhg1 Bb6 19. Rg2 Bxf3 20. Qxf3 Nh4 21.
Rxg7+ Kxg7 22. Qg3+ Ng6 23. f5 Nh5 24. Qg2 Qh4 25. fxg6 f6 26. Rf1 d5 27. Rf3
Re5 28. Nd1 Rae8 29. Nf2 Re2 30. Bxh6+ Kg8 31. Bxe2 Rxe2 32. Qg4 Re1+ 33. Ka2
Qxg4 34. Nxg4 Re6 35. Rf5 Ng7 36. Nxf6+ Kh8 37. Rf3 Bd8 38. Ne8 Rxe8 39. Rf7
Rg8 40. Rxb7 Nf5 41. Rh7# 1-0

[Event "ENCI Limburg-open B"]
[Site "Maastricht"]
[Date "2012.05.27"]
[Round "4"]
[White "Moog, Gerhard"]
[Black "Coenen, Siegfried"]
[Result "0-1"]
[WhiteElo "1964"]
[BlackElo "1997"]
[PlyCount "30"]
[EventDate "2012.05.25"]
[EventType "swiss"]
[EventRounds "7"]
[EventCountry "NED"]
[Source "P.Boonen"]
[SourceDate "2013.01.01"]

1. e4 e5 2. Nf3 Nf6 3. Nxe5 d6 4. Nf3 Nxe4 5. d4 d5 6. Bd3 Nc6 7. c3 Bg4 8. h3
Bh5 9. g4 Bg6 10. Bf4 Bd6 11. Bxd6 Qxd6 12. Nh4 Qf6 13. Nf3 O-O-O 14. Bxe4 Bxe4
15. Nbd2 Bd3 0-1

[Event "ENCI Limburg-open B"]
[Site "Maastricht"]
[Date "2012.05.27"]
[Round "4"]
[White "Pirard, Natan"]
[Black "Yue, Tim"]
[Result "1-0"]
[WhiteElo "1748"]
[BlackElo "1931"]
[PlyCount "69"]
[EventDate "2012.05.25"]
[EventType "swiss"]
[EventRounds "7"]
[EventCountry "NED"]
[Source "P.Boonen"]
[SourceDate "2013.01.01"]

1. e4 e5 2. Nf3 Nc6 3. Bb5 a6 4. Ba4 Nf6 5. Nc3 b5 6. Bb3 Bc5 7. d3 h6 8. O-O
d6 9. Be3 Bg4 10. h3 Bh5 11. g4 Bg6 12. Nd5 Qd7 13. Nxf6+ gxf6 14. Bxc5 dxc5
15. Nh4 h5 16. Qf3 hxg4 17. Qxf6 Rg8 18. Bd5 gxh3 19. Kh2 Nd4 20. Bxa8 Qg4 21.
Bd5 Ne2 22. Rg1 Nxg1 23. Rxg1 Qxg1+ 24. Kxg1 Bxe4+ 25. Kh2 Bxd5 26. Qxe5+ Be6
27. Qxc7 Rg4 28. Kxh3 Rd4+ 29. Kg3 Rg4+ 30. Kf3 Rxh4 31. Qxc5 Rh6 32. a3 Bd7
33. d4 Rc6 34. Qe5+ Be6 35. d5 1-0

[Event "ENCI Limburg-open B"]
[Site "Maastricht"]
[Date "2012.05.27"]
[Round "4"]
[White "Roefe, Detlef"]
[Black "Bos, Robin"]
[Result "0-1"]
[WhiteElo "1993"]
[BlackElo "1878"]
[PlyCount "72"]
[EventDate "2012.05.25"]
[EventType "swiss"]
[EventRounds "7"]
[EventCountry "NED"]
[Source "P.Boonen"]
[SourceDate "2013.01.01"]

1. d4 c5 2. e3 cxd4 3. exd4 g6 4. c4 Bg7 5. Nf3 Nf6 6. Nbd2 O-O 7. Be2 d5 8. b3
Nc6 9. Bb2 a6 10. O-O Ng4 11. h3 Nh6 12. c5 Nf5 13. Nb1 Bh8 14. Na3 b6 15. g4
Ng7 16. Qd2 Ne6 17. b4 bxc5 18. bxc5 Rb8 19. Bc3 Qc7 20. Rab1 Rxb1 21. Rxb1 Nf4
22. Rb6 Nxh3+ 23. Kf1 Bxg4 24. Ne5 Nxe5 25. dxe5 Bxe2+ 26. Qxe2 Qxc5 27. Rb3
Nf4 28. Qf3 Ne6 29. Bb4 Qc1+ 30. Kg2 Nd4 31. Rc3 Qg5+ 32. Qg3 Qxg3+ 33. fxg3
Bxe5 34. Bxe7 Re8 35. Bb4 Rb8 36. Bc5 Ne6 0-1

[Event "ENCI Limburg-open B"]
[Site "Maastricht"]
[Date "2012.05.27"]
[Round "4"]
[White "Schloemer, Armin"]
[Black "Sofic, Narcis"]
[Result "1/2-1/2"]
[WhiteElo "1881"]
[BlackElo "1871"]
[PlyCount "77"]
[EventDate "2012.05.25"]
[EventType "swiss"]
[EventRounds "7"]
[EventCountry "NED"]
[Source "P.Boonen"]
[SourceDate "2013.01.01"]

1. Nf3 d5 2. c4 Nf6 3. g3 c6 4. b3 Nbd7 5. Bb2 Qc7 6. d3 e5 7. Bg2 Bb4+ 8. Nbd2
O-O 9. O-O Bd6 10. Rc1 d4 11. Nh4 Re8 12. e4 Nc5 13. Qe2 Bg4 14. f3 Bh5 15. Rf2
a5 16. Bh3 Qb6 17. Nf5 Bf8 18. g4 Bg6 19. f4 Bxf5 20. fxe5 Bxg4 21. Bxg4 Nxg4
22. Qxg4 Nxd3 23. c5 Qd8 24. Nf3 Nxc1 25. Bxc1 Re6 26. Qf5 Rg6+ 27. Kh1 Qc8 28.
Ng5 Qxf5 29. exf5 Rxg5 30. Bxg5 Bxc5 31. f6 g6 32. e6 fxe6 33. f7+ Kg7 34. Bf6+
Kh6 35. Rf3 g5 36. Bxd4 Bf8 37. Rf6+ Kg7 38. Rf5+ Kg6 39. Rf6+ 1/2-1/2

[Event "ENCI Limburg-open B"]
[Site "Maastricht"]
[Date "2012.05.27"]
[Round "4"]
[White "Snoeks, Marnicq"]
[Black "Wlogalski, Olivier"]
[Result "1/2-1/2"]
[WhiteElo "1706"]
[BlackElo "1926"]
[PlyCount "91"]
[EventDate "2012.05.25"]
[EventType "swiss"]
[EventRounds "7"]
[EventCountry "NED"]
[Source "P.Boonen"]
[SourceDate "2013.01.01"]

1. e4 b6 2. Nc3 Bb7 3. d4 e6 4. Bd3 Bb4 5. Bd2 Nf6 6. Nge2 d5 7. f3 c5 8. dxc5
Bxc5 9. Bg5 dxe4 10. Nxe4 Be7 11. Bxf6 Bxf6 12. Bb5+ Bc6 13. Bxc6+ Nxc6 14.
Qxd8+ Bxd8 15. O-O-O Bc7 16. h3 Ke7 17. c3 Rad8 18. Kc2 f5 19. Nd2 Ne5 20. Nb3
Nc4 21. Rxd8 Rxd8 22. Ned4 Kf6 23. Re1 e5 24. Nc6 Ra8 25. Nd2 Nxd2 26. Kxd2 a5
27. Kc2 b5 28. Rd1 Ke6 29. f4 exf4 30. Nd4+ Kf6 31. Nxb5 Be5 32. Nd4 g5 33. Nf3
g4 34. Nxe5 Kxe5 35. hxg4 fxg4 36. Rd7 Rf8 37. Re7+ Kf6 38. Rxh7 f3 39. gxf3
gxf3 40. Rh1 Kg5 41. Kd2 Kf4 42. Ke1 Re8+ 43. Kf1 Ke3 44. Rh7 Rd8 45. Re7+ Kf4
46. Rf7+ 1/2-1/2

[Event "ENCI Limburg-open B"]
[Site "Maastricht"]
[Date "2012.05.27"]
[Round "4"]
[White "Staudte, Rainer"]
[Black "De Ridder, Naomi"]
[Result "0-1"]
[WhiteElo "1954"]
[BlackElo "1747"]
[PlyCount "90"]
[EventDate "2012.05.25"]
[EventType "swiss"]
[EventRounds "7"]
[EventCountry "NED"]
[Source "P.Boonen"]
[SourceDate "2013.01.01"]

1. d4 d5 2. c4 e6 3. Nf3 Nf6 4. Nc3 Bb4 5. cxd5 exd5 6. a3 Bxc3+ 7. bxc3 O-O 8.
Bg5 Nbd7 9. e3 Nb6 10. Ne5 Qd6 11. Bf4 Qe6 12. Be2 Ne4 13. Qb3 f6 14. Nf3 c5
15. h3 c4 16. Qc2 Bd7 17. Nd2 Ba4 18. Qc1 Nxd2 19. Qxd2 Qd7 20. O-O Bb3 21. Bf3
f5 22. Kh2 Rac8 23. g4 Rc6 24. g5 Nc8 25. h4 Ne7 26. h5 Ra6 27. Rg1 Qa4 28. Qc1
Bc2 29. Bd1 Bxd1 30. Rxd1 Nc6 31. Bd6 Re8 32. Bb4 Re4 33. f3 Rh4+ 34. Kg3 Rxh5
35. f4 g6 36. Qb2 Rb6 37. Qd2 a5 38. Bc5 Rb3 39. Rh1 Rxh1 40. Rxh1 Nd8 41. Qg2
Qd7 42. Qh2 Rxc3 43. Kf3 Rb3 44. a4 Ne6 45. Bd6 Nxd4+ 0-1

[Event "ENCI Limburg-open B"]
[Site "Maastricht"]
[Date "2012.05.27"]
[Round "4"]
[White "Sterck, Arno"]
[Black "Modder, Frank"]
[Result "0-1"]
[WhiteElo "1811"]
[BlackElo "1896"]
[PlyCount "46"]
[EventDate "2012.05.25"]
[EventType "swiss"]
[EventRounds "7"]
[EventCountry "NED"]
[Source "P.Boonen"]
[SourceDate "2013.01.01"]

1. e4 e6 2. d4 d5 3. e5 c5 4. c3 Nc6 5. Nf3 Qb6 6. a3 Bd7 7. b4 cxd4 8. cxd4
Rc8 9. Bb2 Na5 10. Nc3 Nc4 11. Bxc4 Rxc4 12. Rc1 Ne7 13. O-O Nf5 14. Ne2 Rxc1
15. Qxc1 Be7 16. Nd2 O-O 17. Nb3 Qa6 18. Re1 Rc8 19. Qd2 b6 20. Ng3 Nxg3 21.
hxg3 Ba4 22. Re3 Rc4 23. Qe2 Bxb3 0-1

[Event "ENCI Limburg-open B"]
[Site "Maastricht"]
[Date "2012.05.27"]
[Round "4"]
[White "Tikanmaki, Heikki"]
[Black "Schubert, Karl"]
[Result "1-0"]
[WhiteElo "1813"]
[BlackElo "1879"]
[PlyCount "79"]
[EventDate "2012.05.25"]
[EventType "swiss"]
[EventRounds "7"]
[EventCountry "NED"]
[Source "P.Boonen"]
[SourceDate "2013.01.01"]

1. d4 d6 2. c4 f5 3. g3 g6 4. Nc3 Nf6 5. Bg2 c6 6. Nf3 Bg7 7. O-O O-O 8. Bd2 h6
9. Qc2 Qe8 10. Rae1 Qf7 11. Nh4 e6 12. e4 g5 13. Nf3 Nh5 14. exf5 exf5 15. d5
f4 16. gxf4 Bf5 17. Ne4 Qg6 18. fxg5 hxg5 19. Nfxg5 Nd7 20. Qd1 Ne5 21. b3 Nd3
22. Re3 Ndf4 23. h4 Bd4 24. Rg3 Nxg3 25. Bxf4 Bxe4 26. Bxg3 Bd3 27. Re1 Rae8
28. dxc6 Rxe1+ 29. Qxe1 Re8 30. Qa5 bxc6 31. Bxc6 Bc5 32. Bxe8 Qxe8 33. Qd2 Qg6
34. Qe1 Bf5 35. b4 Bd4 36. Qe7 Bg4 37. Bxd6 Qf5 38. Bg3 Bf6 39. Qf7+ Kh8 40.
Qf8# 1-0

[Event "ENCI Limburg-open B"]
[Site "Maastricht"]
[Date "2012.05.27"]
[Round "4"]
[White "Tuerlinckx, Ben"]
[Black "Snoeks, Pieter Jan"]
[Result "1-0"]
[WhiteElo "1958"]
[BlackElo "1719"]
[PlyCount "107"]
[EventDate "2012.05.25"]
[EventType "swiss"]
[EventRounds "7"]
[EventCountry "NED"]
[Source "P.Boonen"]
[SourceDate "2013.01.01"]

1. d4 Nf6 2. Nc3 d5 3. Bg5 e6 4. e4 dxe4 5. Nxe4 Be7 6. Bxf6 Bxf6 7. Nf3 O-O 8.
c3 Nc6 9. Bd3 e5 10. d5 Nb8 11. Qc2 g6 12. O-O-O Bg7 13. Bc4 Bf5 14. h3 Nd7 15.
g4 Bxe4 16. Qxe4 Nc5 17. Qe3 Qd6 18. Nd2 f5 19. gxf5 Rxf5 20. h4 Raf8 21. f3 a6
22. h5 g5 23. Bd3 Nxd3+ 24. Qxd3 h6 25. Rhf1 Rf4 26. Ne4 Qb6 27. Rd2 Qb5 28. c4
Qe8 29. Rh2 Qf7 30. c5 Rd8 31. Rd2 Qxh5 32. d6 cxd6 33. cxd6 Bf8 34. Qe3 Qh3
35. Qb3+ Rf7 36. Rfd1 Qxf3 37. Qd5 Qf5 38. Rf2 Rxd6 39. Nxd6 Qxf2 40. Nxf7 Qxf7
41. Qxe5 Qxa2 42. Qe4 Qf7 43. Rd5 Qf1+ 44. Kc2 Qf2+ 45. Kb1 Qf1+ 46. Ka2 Qf7
47. Qd3 Bg7 48. Kb1 Qf6 49. Rd8+ Kf7 50. Rd7+ Kg8 51. Rxb7 Qc6 52. Rb8+ Kf7 53.
Qb3+ Ke7 54. Rb7+ 1-0

[Event "ENCI Limburg-open B"]
[Site "Maastricht"]
[Date "2012.05.27"]
[Round "4"]
[White "Tutenel, Erik"]
[Black "Meul, Willi"]
[Result "1/2-1/2"]
[WhiteElo "1819"]
[BlackElo "1879"]
[PlyCount "36"]
[EventDate "2012.05.25"]
[EventType "swiss"]
[EventRounds "7"]
[EventCountry "NED"]
[Source "P.Boonen"]
[SourceDate "2013.01.01"]

1. e4 c5 2. d4 cxd4 3. c3 dxc3 4. Nxc3 Nc6 5. Nf3 d6 6. Bc4 e6 7. O-O Nge7 8.
Bg5 a6 9. Qe2 Qc7 10. Rac1 Bd7 11. Bb3 Rc8 12. Rfd1 Ng6 13. Nd5 Qa5 14. Bd2 Qd8
15. Nf4 Be7 16. Nxg6 hxg6 17. Bc3 O-O 18. Qd3 Na5 1/2-1/2

[Event "ENCI Limburg-open B"]
[Site "Maastricht"]
[Date "2012.05.27"]
[Round "4"]
[White "Van Ginneken, Jeroen"]
[Black "Vaneylen, Urbain"]
[Result "1-0"]
[WhiteElo "1718"]
[BlackElo "1710"]
[PlyCount "89"]
[EventDate "2012.05.25"]
[EventType "swiss"]
[EventRounds "7"]
[EventCountry "NED"]
[Source "P.Boonen"]
[SourceDate "2013.01.01"]

1. e4 e6 2. d4 d5 3. e5 c5 4. c3 Nc6 5. Nf3 Bd7 6. Bd3 cxd4 7. cxd4 Qb6 8. Bc2
Nb4 9. Ba4 Bb5 10. Nc3 Bxa4 11. Qxa4+ Qc6 12. Qxc6+ bxc6 13. O-O c5 14. Be3 Nc2
15. Rac1 Nxe3 16. fxe3 Rb8 17. b3 Nh6 18. dxc5 Bxc5 19. Nxd5 Bb6 20. Nxb6 axb6
21. h3 Nf5 22. e4 Ng3 23. Rfe1 O-O 24. Kf2 Nh5 25. g3 Rfd8 26. Red1 Kf8 27.
Rxd8+ Rxd8 28. Rc6 Rb8 29. Rc7 h6 30. Nd4 g6 31. Nc6 Ra8 32. a4 Ng7 33. Rb7 Ne8
34. Rxb6 Nc7 35. Rb8+ Rxb8 36. Nxb8 Ke8 37. b4 Kd8 38. b5 Kc8 39. Nc6 Na8 40.
a5 Nc7 41. Nd4 Kd7 42. Ke3 f6 43. exf6 e5 44. Nc6 Nxb5 45. f7 1-0